000
00218nam a2200097Ia 4500
008
240331s9999 xx 000 0 und d
082
_b
PEN
100
_a
WERC. ed
245
0
_a
Penkalukkanachaddaviyal vilakkam
942
_c
L
999
_c
3585
_d
3585